Svítá. Slowfox.

Uložené v:
Podrobná bibliografia
Hlavný autor: JEŽEK, J. (Author)
Médium: Kniha
Jazyk:Czech
Vydané: 1951
Tagy: Pridať tag
Žiadne tagy, Buďte prvý kto otaguje tento záznam!

MARC

LEADER 00000nam a2200000 a 4500
001 000215513
005 00000000000000.0
008 040101s1951 e czeo
041 0 |a cze 
100 1 |a JEŽEK, J.  |4 aut 
245 1 0 |a Svítá. Slowfox. 
260 |c 1951 
500 |a Záznam neprešiel kontrolou 
910 |a svkkk 
998 |a BK 
090 |g SCKHL  |k Sklad Pribinova 3. posch.  |a V.4652  |j 69176  |i 2720244614  |s Prezenčne